Online
Catalog

Maria Antonieta, : (Record no. 7525)

MARC details
000 -CABECERA
campo de control de longitud fija 00664cam a2200193 a 4500
001 - NÚMERO DE CONTROL
campo de control 000007747
005 - FECHA Y HORA DE LA ÚLTIMA TRANSACCIÓN
campo de control 20200929154302.0
008 - DATOS DE LONGITUD FIJA--INFORMACIÓN GENERAL
campo de control de longitud fija 090303s1942 mx 000 0 spa
010 ## - NÚMERO DE CONTROL DE LA BIBLIOTECA DEL CONGRESO
Número de control de LC 43014459
040 ## - FUENTE DE LA CATALOGACIÓN
Centro catalogador/agencia de origen DO-SdBNP
Centro/agencia transcriptor DLC
Centro/agencia modificador DLC
082 ## - NÚMERO DE LA CLASIFICACIÓN DECIMAL DEWEY
Número de clasificación 923.144
Número de documento/Ítem M332Z
100 1# - ENTRADA PRINCIPAL--NOMBRE DE PERSONA
Nombre de persona Zweig, Stefan,
Fechas asociadas al nombre 1881-1942.
9 (RLIN) 13343
240 10 - TÍTULO UNIFORME
Título uniforme Marie Antoinette.
Lenguaje de la obra Spanish
245 10 - MENCIÓN DE TÍTULO
Título Maria Antonieta, :
Resto del título una vida involuntariamente heroica.
260 ## - PUBLICACIÓN, DISTRIBUCIÓN, ETC.
Lugar de publicación, distribución, etc. Mexico, :
Nombre del editor, distribuidor, etc. Editorial Drake,
Fecha de publicación, distribución, etc. [1942].
300 ## - DESCRIPCIÓN FÍSICA
Extensión 2 p.l., 7-510 p. ;
Dimensiones 20 cm.
600 00 - PUNTO DE ACCESO ADICIONAL DE MATERIA--NOMBRE DE PERSONA
Nombre de persona MARÍA ANTONIETA, REINA,
Títulos y otros términos asociados al nombre CONSORTE DE LUIS XVI, REY DE FRANCIA,
Fechas asociadas al nombre 1755-1793
Subdivisión de forma BIOGRAFÍA
9 (RLIN) 21440
910 ## - DATOS DE OPCIÓN DEL USUARIO (OCLC)
Datos de opción del usuario Catalogación por copia / LC
Holdings
Estado de retiro Estado de pérdida Restricciones de uso No para préstamo Código de colección Localización permanente Ubicación/localización actual Ubicación en estantería Fecha de adquisición Número de inventario Total de préstamos Signatura topográfica completa Código de barras Fecha visto por última vez Precio válido a partir de Tipo de ítem Koha
    Préstamo interno   Monografías: Libros y Folletos General General En catalogación 10.09.2009 LF1   923.144 M332Z 7747-10 25.06.2020 25.06.2020 Préstamo interno

Powered by Koha